000 00642nam a2200193Ia 4500
003 GCL
008 140319s9999 xx 000 0 ara d
040 _aGCL /
_cGCL
082 0 4 _a371.122
_bم ف
100 1 _aمحمد كتش
245 1 0 _aفلسفة اعداد المعلم فى ضوء التحديات المعاصرة /
_cمحمد كتش
250 _aالاولى
260 _aالقاهرة :
_bمركز الكتاب للنشر ،
_c2001
300 _a357 ص ؛
_c24 سم
650 0 4 _aالمدرسون - تدريب
650 0 4 _aالتعليم - طرق تدريس
650 0 4 _aالمدرسون - مؤهلات
942 _2ddc
_cBK
999 _c4935
_d4935